[Event "Reykjavik op"]
[Site "Reykjavik"]
[Date "2025.04.11"]
[Round "4"]
[White "Stolyarov, Alan"]
[Black "Mannion, Stephen R"]
[Result "1/2-1/2"]
[WhiteElo "1889"]
[BlackElo "2180"]
[PlyCount "45"]
[EventDate "2025.04.09"]
[EventType "swiss"]
[EventRounds "9"]
[EventCountry "ISL"]
[SourceTitle "CB17_2025"]
[SourceDate "2025.04.23"]
[SourceVersion "1"]
[SourceVersionDate "2025.04.23"]
[SourceQuality "1"]

1. d4 d5 2. c4 dxc4 3. e4 e5 4. Nf3 Bb4+ 5. Bd2 Bxd2+ 6. Nbxd2 exd4 7. Bxc4 Nc6 8. Nb3 Nge7 9. Nbxd4 0-0 10. 0-0 Nxd4 11. Qxd4 Qxd4 12. Nxd4 c5 13. Ne2 Rd8 14. Rfd1 Bd7 15. Nc3 Bc6 16. f4 Kf8 17. Kf2 Rd4 18. Rxd4 cxd4 19. Nd5 Bxd5 20. exd5 Rc8 21. Bb3 Rc5 22. Rd1 Nxd5 23. Rxd4 1/2-1/2

[Event "Wch Amateurs U2000"]
[Site "Rhodes"]
[Date "2024.11.02"]
[Round "7"]
[White "Stolyarov, Alan"]
[Black "Amankos, Zhanbolat"]
[Result "0-1"]
[WhiteElo "1928"]
[BlackElo "1795"]
[PlyCount "92"]
[EventDate "2024.10.27"]
[EventType "swiss"]
[EventRounds "9"]
[EventCountry "GRE"]
[SourceTitle "CB45_2024"]
[Source "ChessBase"]
[SourceDate "2024.11.06"]
[SourceVersion "1"]
[SourceVersionDate "2024.11.06"]
[SourceQuality "1"]

1. d4 Nf6 2. c4 e5 3. dxe5 Ng4 4. Nf3 Nc6 5. Bf4 Bb4+ 6. Nbd2 Qe7 7. a3 Ngxe5 8. Nxe5 Nxe5 9. e3 Bxd2+ 10. Qxd2 0-0 11. Be2 d6 12. 0-0 Be6 13. Rac1 Rfd8 14. Rfd1 f6 15. b4 c6 16. Qd4 Bf7 17. Qc3 Qe6 18. Rd2 Rd7 19. Bg3 Rad8 20. f4 Ng4 21. e4 d5 22. cxd5 cxd5 23. Rxd5 Rxd5 24. Bxg4 Qxe4 25. Bf3 Qd4+ 26. Qxd4 Rxd4 27. Bf2 Rc4 28. Re1 b6 29. h3 Kf8 30. f5 Rc3 31. a4 Rc4 32. Rb1 Rd7 33. a5 Bd5 34. Bxd5 Rxd5 35. axb6 axb6 36. Bxb6 Rb5 37. Bf2 Kf7 38. Be1 Rf4 39. g4 h5 40. Kg2 hxg4 41. Kg3 Rf3+ 42. Kxg4 Rfxf5 43. h4 Rfe5 44. Ra1 Kg6 45. Bd2 Re4+ 46. Kh3 Rd5 0-1

[Event "Wch Amateurs U2000"]
[Site "Rhodes"]
[Date "2024.10.30"]
[Round "4"]
[White "Shafikov, Emil"]
[Black "Stolyarov, Alan"]
[Result "1-0"]
[WhiteElo "1710"]
[BlackElo "1928"]
[PlyCount "77"]
[EventDate "2024.10.27"]
[EventType "swiss"]
[EventRounds "9"]
[EventCountry "GRE"]
[SourceTitle "CB45_2024"]
[Source "ChessBase"]
[SourceDate "2024.11.06"]
[SourceVersion "1"]
[SourceVersionDate "2024.11.06"]
[SourceQuality "1"]

1. d4 Nf6 2. Bf4 g6 3. Nc3 Bg7 4. e4 d6 5. Qd2 h6 6. f3 c6 7. g4 Qa5 8. 0-0-0 b5 9. e5 b4 10. exf6 bxc3 11. Qxc3 Qxc3 12. fxg7 Rg8 13. bxc3 g5 14. Be3 Rxg7 15. h4 Rg8 16. hxg5 hxg5 17. Rh5 f6 18. Bc4 d5 19. Bd3 Nd7 20. Bh7 Rf8 21. c4 Nb6 22. cxd5 cxd5 23. Bd2 Nc4 24. Bg6+ Kd7 25. Bd3 Ba6 26. Bxc4 Bxc4 27. Bb4 Rh8 28. Re1 e6 29. Ne2 Rxh5 30. gxh5 Bxe2 31. Rxe2 Rh8 32. Rh2 e5 33. dxe5 fxe5 34. Bd2 Ke6 35. Bxg5 Kf5 36. Be3 Rh7 37. h6 a6 38. Kb2 Kg6 39. Ka3 1-0